<The> role of economic regulators in the governance of infrastructure

Guardado en:
Detalles Bibliográficos
Formato: Libro
Lenguaje:inglés
Publicado: Paris OECD 2017
Colección:<The> governance of regulators
Materias:
Etiquetas: Agregar Etiqueta
Sin Etiquetas, Sea el primero en etiquetar este registro!

MARC

LEADER 00000nam a2200000 4500
001 0231079
005 20240314123445.7
020 |a 978-92-64-27265-1 
041 0 |a eng 
044 |a FR 
245 1 0 |a <The> role of economic regulators in the governance of infrastructure 
264 1 |a Paris  |b OECD  |c 2017 
300 |a 65 s. 
490 1 |a <The> governance of regulators 
830 0 |a <The> governance of regulators 
610 2 0 |a regulátory hospodárske 
610 2 0 |a infraštruktúra 
610 2 0 |a riadenie 
610 2 0 |a zodpovednosť 
610 2 0 |a efektívnosť 
610 2 0 |a investície 
610 2 0 |a tarify 
610 2 0 |a kvalita služieb 
610 2 0 |a sektory hospodárske